000 00390nam a22001697a 4500
003 NUST
020 _a81-85594-75-9
038 _akhadija
082 _a621.2
_bALA
100 _aALAVUDEEN, A.
_983117
245 _aFLUID POWER TRANSMISSION AND CONTROL
260 _aIndia :
_bCharotar ,
_c2007.
300 _a460 p. ;
_b24 cm.
500 _aPaperback.
563 _aPB
942 _cBK
_2ddc
999 _c33617
_d33617